Get Lucky: (Record no. 2824)
[ view plain ]
| 000 -LEADER | |
|---|---|
| fixed length control field | 00623nam a22002177a 4500 |
| 003 - CONTROL NUMBER IDENTIFIER | |
| control field | 0 |
| 005 - DATE AND TIME OF LATEST TRANSACTION | |
| control field | 20220114142304.0 |
| 008 - FIXED-LENGTH DATA ELEMENTS--GENERAL INFORMATION | |
| fixed length control field | 0 |
| 020 ## - INTERNATIONAL STANDARD BOOK NUMBER | |
| International Standard Book Number | 9781118249758 |
| 040 ## - CATALOGING SOURCE | |
| Transcribing agency | 0 |
| 050 ## - LIBRARY OF CONGRESS CALL NUMBER | |
| Classification number | HF5386 |
| Item number | .M828 2012 |
| 100 ## - MAIN ENTRY--PERSONAL NAME | |
| Personal name | Muller,Thor |
| 245 ## - TITLE STATEMENT | |
| Title | Get Lucky: |
| Remainder of title | How to Put Planned Serendipity to work for you and your Business; |
| Statement of responsibility, etc. | Thor Muller, Lane Becker |
| 260 ## - PUBLICATION, DISTRIBUTION, ETC. | |
| Place of publication, distribution, etc. | San Francisco: |
| Name of publisher, distributor, etc. | Jossey-Bass; |
| Date of publication, distribution, etc. | c2012. |
| 300 ## - PHYSICAL DESCRIPTION | |
| Extent | v270pages; |
| Dimensions | 24 cm. |
| 504 ## - BIBLIOGRAPHY, ETC. NOTE | |
| Bibliography, etc. note | Includes Bibliographical Reference and Index |
| 650 ## - SUBJECT ADDED ENTRY--TOPICAL TERM | |
| Topical term or geographic name entry element | Success in Business |
| 650 ## - SUBJECT ADDED ENTRY--TOPICAL TERM | |
| Topical term or geographic name entry element | Creative Ability in Business |
| 700 ## - ADDED ENTRY--PERSONAL NAME | |
| Personal name | Becker,Lane |
| 942 ## - ADDED ENTRY ELEMENTS (KOHA) | |
| Source of classification or shelving scheme | Library of Congress Classification |
| Koha item type | Foreign Books |
| Withdrawn status | Source of classification or shelving scheme | Damaged status | Not for loan | Home library | Current library | Date acquired | Total Checkouts | Full call number | Barcode | Date last seen | Price effective from | Koha item type | Shelving location |
|---|---|---|---|---|---|---|---|---|---|---|---|---|---|
| Library of Congress Classification | Angono College Library | Angono College Library | 04/15/2024 | HF5386 .M828 2012 | URSANG-4276 | 04/15/2024 | 04/15/2024 | Foreign Books | Foreign Section | ||||
| Library of Congress Classification | Cainta College Library | Cainta College Library | 10/27/2017 | HF5386.M828 2012 | URSCAI-4012 | 10/27/2017 | 10/27/2017 | Foreign Books |